00576nam a2200169 i 4500001000300000245005700003260005700060490004000117700002900157830003600186020001500222040000800237041000800245080001400253008004100267856009800308bg 0aAdvances in nonlinear waves /ced. Lokenath Debnath. aBoston :bPitman Advanced Publishing Program,c1984.1 aResearch Notes in Mathematics ;v951 aDebnath, Lokenath.eRed. aResearch Notes in Mathematics ; a027308609X cBPK apol a532.5:531 s pl f |000 0 pol  uhttp://koha.tu.koszalin.pl/cgi-bin/koha/opac-detail.pl?biblionumber=23668yKatalog online BPK